| 000 | 005040000a22001810004500 | ||
|---|---|---|---|
| 003 | MACL | ||
| 005 | 20150705114148.0 | ||
| 008 | 150705b xxu||||| |||| 00| 0 eng d | ||
| 040 |
_aMACL _cMACL |
||
| 041 | _aEnglish | ||
| 082 | _a306/VAL | ||
| 100 |
_aValarmathi, Dr. M. _9722 |
||
| 245 |
_aSocioC̜ultural Aspects _bThe Contrubutios of the Tamils to Indian Culture Vol 3 |
||
| 260 |
_bInternational Institute of Tamil _aMadras _c1994 |
||
| 350 | _a90 | ||
| 650 |
_aSociology _919 |
||
| 942 |
_cBK _k306 _2ddc |
||
| 999 |
_c2609 _d2609 |
||